书目信息 |
| 题名: |
脑海探奇
|
|
| 作者: | 朱长庚 , 赵仲龙 , 李宗元 编著 | |
| 分册: | ||
| 出版信息: | 南京 江苏科学技术出版社 2000.03 |
|
| 页数: | 137页 | |
| 开本: | 32开 | |
| 丛书名: | ||
| 单 册: | ||
| 中图分类: | R322.81-49 | |
| 科图分类: | ||
| 主题词: | 人体形态学 | |
| 电子资源: | ||
| ISBN: | 7-5345-2807-0 | |
| 000 | 00653nam0 2200217 45 | |
| 001 | 0011180127 | |
| 005 | 20001118014812.0 | |
| 010 | @a7-5345-2807-0@d7.00元 | |
| 100 | @a20001118d2000 km y0chiy0120 ea | |
| 101 | 0 | @achi |
| 105 | @a z 000yy | |
| 200 | 1 | @a脑海探奇@ANao Hai Tan Qi@f朱长庚,赵仲龙,李宗元编著@FZhu Chang Geng,Zhao Zhong Long,Li Zong Yuan Bian Zhu |
| 210 | @a南京@c江苏科学技术出版社@d2000.03 | |
| 215 | @a137页@d32开 | |
| 606 | 0 | @a人体形态学 |
| 690 | @aR322.81-49@v3 | |
| 701 | 0 | @a朱长庚@4编著 |
| 701 | 0 | @a赵仲龙@4编著 |
| 701 | 0 | @a李宗元@4编著 |
| 801 | @aCN@bPftUser@c20001118 | |
| 905 | @b413283-287@dR322.81-49@eZH285@f5 | |
| 脑海探奇/朱长庚,赵仲龙,李宗元编著.-南京:江苏科学技术出版社,2000.03 |
| 137页;32开 |
| ISBN 7-5345-2807-0:7.00元 |
| ● |
| 相关链接 |
|
|
|
正题名:脑海探奇
索取号:R322.81-49/ZH285
 
预约/预借
| 序号 | 登录号 | 条形码 | 馆藏地/架位号 | 状态 | 备注 |
| 1 | 413283 | 204132839 | 自科库401/401自科库 14排1列3层/ [索取号:R322.81-49/ZH285] | 在馆 | |
| 2 | 413284 | 204132848 | 自科库401/401自科库 14排1列3层/ [索取号:R322.81-49/ZH285] | 在馆 | |
| 3 | 413285 | 204132857 | 自科库401/401自科库 14排1列3层/ [索取号:R322.81-49/ZH285] | 在馆 | |
| 4 | 413286 | 204132866 | 自科库401/401自科库 14排1列3层/ [索取号:R322.81-49/ZH285] | 在馆 | |
| 5 | 413287 | 204132875 | 自科库401/401自科库 14排1列3层/ [索取号:R322.81-49/ZH285] | 在馆 |